Протоколы Курсов Марксизма

Доступно только в Электронных читальных залах Найти на картеНа карте
RUSMARC
00004561nac2a22003373x 450
001cdf57bd2-5cf1-421b-9d4a-5c29f6d5cbca
00520241213035637.0
100##$a20241113l1930 k y0rusy50 ca
1010#$arus
102##$aRU
105##$ay z |||||
1220#$ad19301231
1220#$ad1930
2001#$aПротоколы Курсов Марксизма
$j1930
215##$a3 листа
$d36,7 х 24,5
251##$cДело
300##$aЗаголовок дела на папке: Протоколы Курсов Марксизма 1930 г.
300##$aОбратная нумерация листов
300##$aМашинописный текст с рукописными пометками
324##$aВ деле имеются копии отдельных документов
461#0$1001RuPRLIB520124725
$12001
$aЦЕНТРАЛЬНЫЙ ИСПОЛНИТЕЛЬНЫЙ КОМИТЕТ СССР (ЦИК СССР).
$1251
$cФонд
$1852
$gР
$j3316
462#0$1001RuPRLIB520125289
$12001
$aДела Секретариата Президиума ЦИК Союза ССР. 1930 г.
$vД. 960
$1251
$cОпись
$1852
$j23
5171#$aПротоколы Курсов Марксизма 1930 г.
60102$3RU\NLR\AUTH\880566607
$aКурсы марксизма
$cМосква
605##$3DITM\AF\0000002775
$aВласть
$lколлекция
$2acquisition_prlib
6101#$aПротоколы
$aКурсы
$aМарксизм
$a1930 г.
686##$a63.3(2)61-332ю1
$cИстория
$2rubbk
686##$a67.400.6ю1
$cПраво
$2rubbk
801#0$aRU
$bGA_RF
801#1$aRU
$bГлавНИВЦ
$c20241113
$2rusmarc
801#2$aRU
$bПБ им. Б.Н. Ельцина
$c20241213
$gRCR
$2rusmarc
852##$aГА РФ
$j960
937##$d195344534
$hГАРФ
035##$aRuPRLIB51077996
856##$uhttp://readingroom.main.prlib.ru/item.aspx?id_node=n195344534&mode=full
Формат отображения